V sporoch a rozporoch k vývinovým otázkam pofebruárovej literatúry

Bibliographic Details
Main Author: Peťko, Valér, 1930- (Author)
Format: Book
Language:Slovak
PhysicalDescription:295 s. 20 cm
Published: Bratislava Slovenský spisovateľ 1982
Edition:1. vyd.
Series:Horizonty 53
Subjects:

MARC

LEADER 00000nam a2200000 a 4500
001 vtls001090837
003 SK-MaSNL
005 20260301062408.0
008 250414s1982 xo g 001 0 slo
015 |a SNBA1983/03 
035 |a SNK000033679 
035 |a B00F8B08-183E-44F8-B3C8-E469410EC631 
035 |a urn:nbn:sk:snk-am00iijd 
040 |a SNK  |b slo  |c SNK  |e AACR2 
041 0 |a slo 
044 |a xo  |c SK 
080 |a 82(091):885.4"19"  |2 1981 
080 |a 885.4"19"  |2 1981 
080 |a 885.4(091)"19"  |2 1981 
080 |a 82  |2 1981 
080 |a 008  |2 1981 
100 1 |a Peťko, Valér,  |d 1930-  |4 aut  |9 229242 
245 1 0 |a V sporoch a rozporoch  |b k vývinovým otázkam pofebruárovej literatúry  |c Valér Peťko ; Mária Pollaczyková 
250 |a 1. vyd. 
260 |a Bratislava  |b Slovenský spisovateľ  |c 1982 
300 |a 295 s.  |c 20 cm 
366 |e 16 Kčs. 
490 0 |a Horizonty  |v 53 
500 |a Veľký rad. Zv. 53. Lit. 376. Men. reg. 376 zázn. v slov. a češ. 
648 7 |a od 1948  |2 SNKPH  |9 376707 
650 0 7 |a slovenská literatúra  |2 SNKPH  |9 1115 
650 0 7 |a literárna veda  |2 SNKPH  |9 1137 
655 7 |a monografie  |2 SNKPH  |9 70139 
700 1 |a Pollaczyková, Mária  |4 bkd  |9 279278 
852 |a Slovenská národná knižnica 
958 |a OND 
958 |a EUIPO 
999 |c 620474  |d 622404 
952 |a SNK  |b SNK  |y VYP  |7 0  |p 17A0637250  |o snkSC 57352 D1  |i snkKSP 313/83  |0 0  |1 0  |4 0  |d 2010-02-02  |l 0  |r 2026-02-23 16:53:42  |w 2026-02-23 
952 |a SNK  |b SNK  |y PREZ  |7 0  |p 17A0894750  |o snkSC 57352  |i snkKSP 312/83  |0 0  |1 0  |4 0  |d 2012-08-15  |f 1  |l 0  |r 2025-06-02 00:00:00  |w 2026-02-23